Diccionario de ciencias económicas / (Record no. 132550)

MARC details
000 -LEADER
campo de control de longitud fija 00605nam a2200181 4500
001 - NÚMERO DE CONTROL
campo de control 132550
003 - IDENTIFICADOR DE NÚMERO DE CONTROL
campo de control ES-MaACL
005 - FECHA Y HORA DE LA ÚLTIMA TRANSACCIÓN
campo de control 20230906194211.0
007 - CAMPO FIJO DE DESCRIPCIÓN FÍSICA--INFORMACIÓN GENERAL
campo de control de longitud fija t|
008 - DATOS DE LONGITUD FIJA--INFORMACIÓN GENERAL
campo de control de longitud fija 070214s1966 sp r ||||1| spa d
245 00 - MENCIÓN DEL TÍTULO
Título Diccionario de ciencias económicas /
Mención de responsabilidad, etc. dirigido por Jean Romeuf ; con la colaboración de Gilles Pasqualaggi ; prólogo de Alfred Saury.
260 ## - PUBLICACIÓN, DISTRIBUCIÓN, ETC.
Lugar de publicación, distribución, etc. Barcelona [etc.] :
Nombre del editor, distribuidor, etc. Labor,
Fecha de publicación, distribución, etc. 1966.
300 ## - DESCRIPCIÓN FÍSICA
Extensión XVIII, 982 p. ;
Dimensiones 24 cm.
700 1# - ENTRADA AGREGADA--NOMBRE PERSONAL
Nombre de persona Pasqualaggi, Gilles.
9 (RLIN) 89427
700 1# - ENTRADA AGREGADA--NOMBRE PERSONAL
Nombre de persona Saury, Alfred.
9 (RLIN) 104013
700 1# - ENTRADA AGREGADA--NOMBRE PERSONAL
Nombre de persona Romeuf, Jean.
9 (RLIN) 99464
852 ## - LOCALIZACIÓN
Ubicación ES-MaACL
Número de control de estantería C-31760
Sublocalización o colección R.62078
Holdings
Estatus retirado Estado de pérdida Estado de daño No para préstamo Colección Biblioteca de origen Biblioteca actual Ubicación en estantería Fecha de adquisición Fuente de adquisición Total de préstamos Signatura topográfica completa Código de barras Visto por última vez Precio de reemplazo Tipo de ítem Koha
        Colección de referencia Biblioteca del Ateneo de Madrid Biblioteca del Ateneo de Madrid Depósito 2 17/01/2008     C-31760 1138000 23/02/2023 23/02/2023 Libro impreso